| 000 | 00665nam a2200205 i 4500 | ||
|---|---|---|---|
| 001 | 121388 | ||
| 003 | ES-MaACL | ||
| 005 | 20250918063032.0 | ||
| 007 | t| | ||
| 008 | 070214s1953 fr r ||||1| fre d | ||
| 100 | 1 |
_aMolière, _d1622-1673 _981873 |
|
| 245 | 1 | 3 |
_aLe tartuffe ou l'imposteur / _cMolière ; mise en scène et comentaires de Fernad Ledoux. |
| 260 |
_aParis : _bSeuil, _c1953. |
||
| 300 |
_a251 p., 2 lám. ; _c18 cm. |
||
| 490 | 1 | _a"Mises en scène` | |
| 700 | 1 |
_aLedoux, Fernad. _971164 |
|
| 830 | 0 |
_a"Mises en scène` _9218745 |
|
| 852 |
_aES-MaACL _jC-27897 _bR.56990 _z.- Donat. José Antonio Llardent |
||
| 999 |
_c121388 _d121388 |
||